[Event "PRO League Group Stage"]
[Site "masterchessopen.com chess.com INT"]
[Date "2017.02.11"]
[Round "5"]
[White "Chjumachenko,A"]
[Black "Tadic,Br"]
[Result "0-1"]
[WhiteElo "2327"]
[BlackElo "2472"]

1.d4 d5 2.Nf3 c5 3.c4 e6 4.cxd5 exd5 5.g3 Nc6 6.Bg2 Nf6 7.O-O Be7 8.Nc3 O-O
9.Bg5 c4 10.Ne5 Be6 11.f4 h6 12.Bxf6 Bxf6 13.e4 dxe4 14.Nxe4 Qxd4+ 15.Qxd4
Nxd4 16.Nxf6+ gxf6 17.Nf3 Nc2 18.Rac1 Ne3 19.Rfe1 Nxg2 20.Kxg2 b5 21.Nd4 Rfe8
22.Nxe6 Rxe6 23.Rxe6 fxe6 24.a4 a6 25.Kf3 Kf7 26.Ke4 Rd8 27.axb5 axb5 28.b3
f5+ 29.Ke3 Rd3+ 30.Ke2 Rxb3 31.Ra1 Rb2+ 32.Ke3 b4 33.h3 c3 34.g4 fxg4 35.hxg4
c2 36.Ra7+ Kf6 37.Rc7 b3 38.Rc5 Rb1 39.g5+ hxg5 40.fxg5+ Kg6 41.Kd2 Rd1+
42.Ke2 c1=Q 43.Rc3 Qxc3 44.Kxd1 Qc2+ 45.Ke1 b2 46.Kf1 b1=Q# 0-1

[Event "PRO League Group Stage"]
[Site "masterchessopen.com chess.com INT"]
[Date "2017.02.11"]
[Round "5"]
[White "Chjumachenko,A"]
[Black "Krunic,D"]
[Result "1-0"]
[WhiteElo "2327"]
[BlackElo "2147"]

1.d4 d5 2.Nf3 Nf6 3.c4 e6 4.Nc3 Be7 5.cxd5 exd5 6.Qc2 O-O 7.Bf4 Re8 8.e3 Nh5
9.Bg3 Nc6 10.a3 Bg4 11.Bd3 g6 12.O-O Nxg3 13.hxg3 a6 14.Na4 Na5 15.b4 Nc4
16.Bxc4 dxc4 17.Nc5 b6 18.Ne5 bxc5 19.Nxg4 cxd4 20.Qxc4 dxe3 21.fxe3 Rf8
22.Rxf7 Rxf7 23.Rf1 Qe8 24.Rxf7 {#r} 1-0

[Event "PRO League Group Stage"]
[Site "masterchessopen.com chess.com INT"]
[Date "2017.02.11"]
[Round "5"]
[White "Ostrovskiy,And"]
[Black "Tan,Ju2"]
[Result "1-0"]
[WhiteElo "2444"]
[BlackElo "2451"]

1.e4 e6 2.d4 d5 3.Nc3 Nf6 4.e5 Nfd7 5.f4 c5 6.Nf3 Nc6 7.Be3 Be7 8.Qd2 a6
9.dxc5 Nxc5 10.O-O-O b5 11.Qf2 Nd7 12.Bd3 Qa5 13.Kb1 b4 14.Ne2 Nc5 15.Ned4
Nxd4 16.Nxd4 Qc7 17.g4 O-O 18.f5 f6 19.Qg3 fxe5 20.fxe6 Nxd3 21.Rxd3 Bd6
22.Nf5 Bxe6 23.Nxd6 Qxd6 24.Bd4 Qd7 25.Bxe5 Bxg4 26.Rd4 Bf5 27.Rxd5 Qf7 28.Rg1
Bxc2+ 29.Kxc2 Rac8+ 30.Kb1 Qf1+ 31.Rd1 {#r} 1-0

[Event "PRO League Group Stage"]
[Site "masterchessopen.com chess.com INT"]
[Date "2017.02.11"]
[Round "5"]
[White "Ostrovskiy,And"]
[Black "Haria,R"]
[Result "1-0"]
[WhiteElo "2444"]
[BlackElo "2382"]

1.e4 e6 2.d4 d5 3.Nc3 dxe4 4.Nxe4 Bd7 5.Nf3 Bc6 6.Bd3 Nd7 7.O-O Ngf6 8.Ned2
Be7 9.b3 O-O 10.Bb2 a5 11.a4 b6 12.Re1 Re8 13.Ne5 Nxe5 14.dxe5 Nd5 15.Ne4 Bb4
16.Qh5 h6 17.Red1 Bf8 18.Qg4 Kh8 19.Ng3 Qg5 20.Qe4 g6 21.h4 Qf4 22.h5 Qxe4
23.Bxe4 g5 24.c4 Nb4 25.Bxc6 Nxc6 26.Rd7 Re7 27.Rad1 Kg8 28.Ne4 Rxd7 29.Rxd7
Bg7 30.Nf6+ Bxf6 31.exf6 Rc8 32.g4 Kf8 33.Kg2 Ke8 34.Rd2 Rd8 35.Rxd8+ Nxd8
36.f4 gxf4 37.Kf3 Nb7 38.Be5 Nc5 39.Bxc7 Nxb3 40.Bxf4 Nc5 41.Bxh6 Nxa4 42.Bg7
Nc5 43.h6 Nd3 44.Ke4 Nf2+ 45.Kd4 e5+ 46.Kxe5 Nxg4+ 47.Kd4 Nxh6 48.Bxh6 Kd7
49.Kd5 {#r} 1-0

[Event "PRO League Group Stage"]
[Site "masterchessopen.com chess.com INT"]
[Date "2017.02.11"]
[Round "5"]
[White "Stukopin,A"]
[Black "Daulyte,D"]
[Result "1-0"]
[WhiteElo "2586"]
[BlackElo "2447"]

1.e4 d6 2.d4 Nf6 3.Nc3 e5 4.Nf3 Nbd7 5.Bc4 Be7 6.O-O O-O 7.a4 a6 8.a5 exd4
9.Qxd4 Nb8 10.Bf4 Nc6 11.Qd3 Bg4 12.h3 Nb4 13.Qe2 Bxf3 14.Qxf3 Nxc2 15.Rad1
Qc8 16.Nd5 Nxd5 17.exd5 Bf6 18.Qe4 Nd4 19.Rxd4 Re8 20.Qd3 Bxd4 21.Qxd4 Qd7
22.Bd3 Re7 23.Qb4 Rb8 24.Bxa6 Qc8 25.Bd3 Ra8 26.Rc1 Qe8 27.Bd2 Ra7 28.Qh4 h6
29.Qg4 Ra8 30.Bxh6 Re1+ 31.Kh2 g6 32.Bxg6 fxg6 33.Rxe1 {#r} 1-0

[Event "PRO League Group Stage"]
[Site "masterchessopen.com chess.com INT"]
[Date "2017.02.11"]
[Round "5"]
[White "Stukopin,A"]
[Black "Fontaine,R"]
[Result "1-0"]
[WhiteElo "2586"]
[BlackElo "2549"]

1.e4 c6 2.Nf3 d5 3.Nc3 Bg4 4.h3 Bxf3 5.Qxf3 e6 6.d3 Nf6 7.Bd2 Be7 8.g4 O-O
9.g5 Nfd7 10.Qg3 Na6 11.O-O-O Nac5 12.h4 b5 13.exd5 cxd5 14.Kb1 b4 15.Ne2 a5
16.h5 a4 17.Bxb4 a3 18.b3 Bxg5 19.Rg1 Bf6 20.d4 Ne4 21.Qg2 Re8 22.f3 Qb6
23.fxe4 Qxb4 24.e5 Nxe5 25.dxe5 Bxe5 26.Qg5 Qd6 27.Nd4 Kh8 28.h6 g6 29.Nb5 Qb8
30.c4 f6 31.Qg2 Qb6 32.cxd5 exd5 33.Bd3 Rad8 34.Rge1 Qa5 35.Qd2 Qb6 36.Qe3 Qb8
37.Qc5 Bf4 38.Rxe8+ Rxe8 39.Qxa3 Bxh6 40.Qd6 Qc8 41.Qxf6+ Bg7 42.Qf7 Rf8
43.Qc7 Qg4 44.Bc2 Rc8 45.Qh2 Qe6 46.Qd2 Qf6 47.Nd4 Qe5 48.a4 Rf8 49.a5 Rf4
50.Qb4 h5 51.Bxg6 h4 52.a6 Rxd4 53.Rxd4 h3 54.a7 Bf6 55.a8=Q+ Kg7 56.Qbf8+
Kxg6 57.Qg8+ Kf5 58.Qac8+ {#r} 1-0

[Event "PRO League Group Stage"]
[Site "masterchessopen.com chess.com INT"]
[Date "2017.02.11"]
[Round "5"]
[White "Kantane,Anna"]
[Black "Holt,C"]
[Result "0-1"]
[WhiteElo "2259"]
[BlackElo "2567"]

1.e4 e6 2.d4 d5 3.Nc3 Bb4 4.e5 c5 5.Bd2 Ne7 6.f4 Nf5 7.Nf3 cxd4 8.Nb5 Bc5
9.Bd3 Nc6 10.g4 Ne3 11.Bxe3 dxe3 12.c3 a6 13.Nbd4 Bxd4 14.Nxd4 Qh4+ {#R} 0-1

[Event "PRO League Group Stage"]
[Site "masterchessopen.com chess.com INT"]
[Date "2017.02.11"]
[Round "5"]
[White "Kantane,Anna"]
[Black "Xiong,Jeffery"]
[Result "0-1"]
[WhiteElo "2259"]
[BlackElo "2667"]

1.e4 c5 2.Nf3 d6 3.d4 Nf6 4.Nc3 cxd4 5.Nxd4 a6 6.Be2 e5 7.Nb3 Be7 8.O-O O-O
9.Be3 Be6 10.f4 exf4 11.Rxf4 Nc6 12.Qd2 Rc8 13.Rd1 Ne5 14.Nd4 b5 15.a3 g6
16.Rdf1 Bc4 17.Kh1 d5 18.exd5 Nxd5 19.Nxd5 Qxd5 20.b3 Bxe2 21.Nf5 Qxd2
22.Nxe7+ Kg7 23.Bxd2 Rxc2 24.Re1 Rxd2 25.Rf2 Re8 {#R} 0-1

[Event "PRO League Group Stage"]
[Site "masterchessopen.com chess.com INT"]
[Date "2017.02.11"]
[Round "5"]
[White "Bernotas,A"]
[Black "Toolin,C"]
[Result "1-0"]
[WhiteElo "2332"]
[BlackElo "2209"]

1.e4 c5 2.Nf3 e6 3.g3 Nc6 4.Bg2 d6 5.O-O g6 6.d4 cxd4 7.Nxd4 Bg7 8.Nb5 Ke7
9.Nd2 a6 10.Nc3 h5 11.h4 Nh6 12.Nc4 Ne5 13.Nxe5 dxe5 14.Be3 Qc7 15.Na4 b5
16.Bc5+ Ke8 17.Bb6 Qe7 18.Bc5 Qc7 19.Bb6 Qe7 20.Nc5 Rb8 21.Ba5 Bf6 22.Nd3 Bb7
23.Qd2 g5 24.hxg5 Bxg5 25.Qc3 Rc8 26.Qxe5 Bf6 27.Qf4 e5 28.Qd2 h4 29.Bb4 Qd7
30.Rad1 hxg3 31.fxg3 Bd8 32.Bc5 Ng4 33.b4 f6 34.Nf2 Qxd2 35.Rxd2 Nxf2 36.Rdxf2
a5 37.a3 axb4 38.axb4 Rc7 39.Rd2 Rg8 40.Kf2 Rcg7 41.Bf3 Rh8 42.Rfd1 Be7
43.Bxe7 Rh2+ 44.Ke3 Rxd2 45.Rxd2 Kxe7 46.Kf2 Ke6 47.c3 Rc7 48.Rc2 f5 49.exf5+
Kxf5 50.Be2 Rh7 51.Ke3 Bc6 52.c4 bxc4 53.Rxc4 Bd5 54.Bd3+ Ke6 55.Bxh7 Bxc4
56.Bg8+ {#r} 1-0

[Event "PRO League Group Stage"]
[Site "masterchessopen.com chess.com INT"]
[Date "2017.02.11"]
[Round "5"]
[White "Salem,AR"]
[Black "Barbosa,O PHI"]
[Result "1-0"]
[WhiteElo "2656"]
[BlackElo "2518"]

1.d4 d5 2.c4 c6 3.Nf3 Nf6 4.Nc3 dxc4 5.e4 b5 6.e5 Nd5 7.a4 e6 8.Be2 Be7 9.O-O
Bb7 10.Ne4 a6 11.Bg5 f6 12.exf6 gxf6 13.Bd2 Qc7 14.b3 cxb3 15.Qxb3 Nd7 16.Rfc1
Qb6 17.Bd3 O-O 18.Re1 Rf7 19.Rac1 Re8 20.Qb1 b4 21.Nc5 Nxc5 22.Bxh7+ Kh8
23.Bg6 Rg7 24.Bxe8 Nxa4 25.Rxe6 Nc7 26.Rexc6 Bxc6 27.Bxc6 Nc5 28.dxc5 Qxc6
29.Qf5 a5 30.Bh6 Rf7 31.Ng5 fxg5 32.Qxf7 Qf6 33.Qh5 Kg8 34.h4 b3 35.Bxg5 Qf5
36.Qd1 Qd5 37.Bxe7 Qxd1+ 38.Rxd1 Kf7 39.Bd8 Nd5 40.Bxa5 {#r} 1-0

[Event "PRO League Group Stage"]
[Site "masterchessopen.com chess.com INT"]
[Date "2017.02.11"]
[Round "5"]
[White "Salem,AR"]
[Black "Laylo,D"]
[Result "1-0"]
[WhiteElo "2656"]
[BlackElo "2445"]

1.d4 Nf6 2.c4 c6 3.Nc3 d5 4.Nf3 g6 5.Bg5 Bg7 6.e3 O-O 7.Bxf6 Bxf6 8.Qb3 e6
9.h4 h5 10.O-O-O Nd7 11.e4 dxe4 12.Nxe4 Bg7 13.Bd3 a5 14.Qc2 a4 15.a3 Nf6
16.Nxf6+ Qxf6 17.c5 Qd8 18.Be4 Bd7 19.Ne5 Be8 20.f4 Qc7 21.g4 hxg4 22.h5 f5
23.Bd3 b5 24.hxg6 Rf6 25.Qh2 Rd8 26.Qh7+ Kf8 27.Bc2 Rd5 28.Kb1 Qd8 29.Rh5 Rxd4
30.Rdh1 Qc7 31.Qh8+ Bxh8 32.Rxh8+ Ke7 33.R1h7+ Kd8 34.Rxc7 Kxc7 35.Rxe8 Rxg6
36.Nxg6 g3 37.Re7+ Kd8 38.Rg7 {#r} 1-0

[Event "PRO League Group Stage"]
[Site "masterchessopen.com chess.com INT"]
[Date "2017.02.11"]
[Round "5"]
[White "Aradhya,Garg"]
[Black "Barbosa,O PHI"]
[Result "1-0"]
[WhiteElo "2230"]
[BlackElo "2518"]

1.e4 e5 2.Nf3 Nc6 3.Nc3 Nf6 4.Bb5 Bc5 5.O-O d6 6.Na4 Bb6 7.d4 exd4 8.Nxb6 axb6
9.Nxd4 Bd7 10.Re1 O-O 11.Nxc6 bxc6 12.Bd3 h6 13.b3 Ng4 14.Qf3 Ra5 15.Bd2 Rh5
16.h3 Qh4 17.Bf1 f5 18.g3 Ne5 19.Qe2 Qxe4 20.Qxh5 Nf3+ 21.Qxf3 Qxf3 22.Be2 Qe4
23.Bc4+ d5 24.Rxe4 fxe4 25.Bf1 c5 26.Re1 c6 27.Bf4 Ra8 28.a4 b5 29.Ra1 Kf7
30.Be5 d4 31.Re1 bxa4 32.bxa4 Rxa4 33.Rxe4 Ra1 34.Kg2 Be6 35.Rf4+ Kg8 36.Bd3
Bd5+ 37.Be4 Rc1 38.Bxd5+ cxd5 39.Rg4 g5 40.h4 Rxc2 41.hxg5 h5 42.Rf4 Kh7
43.Bxd4 cxd4 44.Rxd4 Rc5 45.Kh3 Kg6 46.f4 Kf5 47.Kh4 Kg6 48.g4 Rc4 49.gxh5+
Kf5 50.Rxc4 dxc4 51.h6 Kg6 52.f5+ Kh7 53.Kh5 c3 54.g6+ Kh8 55.f6 c2 56.f7 {#r}
1-0

[Event "PRO League Group Stage"]
[Site "masterchessopen.com chess.com INT"]
[Date "2017.02.11"]
[Round "5"]
[White "Aradhya,Garg"]
[Black "Laylo,D"]
[Result "1-0"]
[WhiteElo "2230"]
[BlackElo "2445"]

1.d4 Nf6 2.c4 g6 3.Nc3 d5 4.cxd5 Nxd5 5.e4 Nxc3 6.bxc3 Bg7 7.Be3 c5 8.Rc1 O-O
9.Nf3 Qa5 10.Qd2 cxd4 11.cxd4 Nc6 12.Qxa5 Nxa5 13.Rc7 e6 14.Bd3 Rd8 15.Ke2 Nc6
16.Rc1 Rd7 17.Rxd7 Bxd7 18.d5 exd5 19.exd5 Nb4 20.Rc7 Rd8 21.Bc4 b5 22.Bb3 a5
23.Bg5 f6 24.d6+ Kf8 25.Ne5 Be8 26.Nf7 Rd7 27.Be6 Na6 28.Rc8 Rxf7 29.d7 Rxd7
30.Bxd7 fxg5 31.Bxe8 Nb4 32.Bxb5+ Ke7 33.a3 Nd5 34.Bc4 Nb6 35.Rc6 Bd4 36.f3
Kd7 37.Bb5 Ke7 38.Rc7+ Kd6 39.Rxh7 Nd5 40.g3 Nc3+ 41.Kd3 Nxb5 42.a4 Bg1
43.axb5 Kc5 44.Rb7 a4 45.h3 Kb4 46.Kc2 a3 47.Rd7 Kxb5 48.Kb3 Bc5 49.Rd5 Kc6
50.Rxg5 {#r} 1-0

[Event "PRO League Group Stage"]
[Site "masterchessopen.com chess.com INT"]
[Date "2017.02.11"]
[Round "5"]
[White "Sargissian,G"]
[Black "Ponomariov,R"]
[Result "1-0"]
[WhiteElo "2667"]
[BlackElo "2709"]

1.d4 Nf6 2.Nf3 e6 3.c4 c5 4.d5 exd5 5.cxd5 d6 6.Nc3 g6 7.Bf4 a6 8.Nd2 b5 9.a4
b4 10.Nce4 Nh5 11.Be3 f5 12.g4 Nf6 13.gxf5 Nxe4 14.Nxe4 Bxf5 15.Ng3 Qf6 16.Qd2
Bg7 17.Nxf5 gxf5 18.O-O-O Nd7 19.Bg5 Qe5 20.Rg1 Qe4 21.Qe3 Be5 22.Qxe4 fxe4
23.Bh3 b3 24.f4 Bd4 25.Rg3 e3 26.Rd3 Nb6 27.Rdxe3+ Bxe3+ 28.Rxe3+ Kf8 29.Be7+
Kg7 30.Be6 Rhe8 31.Rg3+ Kh6 32.Bg5+ Kg7 33.Bd8+ Kh6 34.Bxb6 {#r} 1-0

[Event "PRO League Group Stage"]
[Site "masterchessopen.com chess.com INT"]
[Date "2017.02.11"]
[Round "5"]
[White "Sargissian,G"]
[Black "O'Cinneide,M"]
[Result "1-0"]
[WhiteElo "2667"]
[BlackElo "2227"]

1.d4 e6 2.c4 Nf6 3.Nc3 Bb4 4.Nf3 c5 5.g3 cxd4 6.Nxd4 O-O 7.Bg2 d5 8.Qb3 Bxc3+
9.bxc3 Nc6 10.cxd5 Nxd5 11.Nxc6 bxc6 12.c4 Nb6 13.Ba3 Re8 14.Bxc6 Ba6 15.Rd1
Qc7 16.Bxe8 Rxe8 17.c5 Nd5 18.Qa4 Qc8 19.Rd2 Bb7 20.O-O e5 21.Rfd1 Bc6 22.Qb3
Nf6 23.Rd6 Ne4 24.Rxc6 Qxc6 25.Qd5 Qa4 26.Qd7 Qxd7 27.Rxd7 Rc8 28.c6 h5 29.c7
Kh7 30.Rxf7 Kg6 31.Rd7 Nf6 32.Re7 Nd5 33.Rxe5 Nf6 34.Bd6 {#r} 1-0

[Event "PRO League Group Stage"]
[Site "masterchessopen.com chess.com INT"]
[Date "2017.02.11"]
[Round "5"]
[White "Tari,A"]
[Black "Hambleton,A"]
[Result "1-0"]
[WhiteElo "2584"]
[BlackElo "2441"]

1.e4 c5 2.Nf3 e6 3.d4 cxd4 4.Nxd4 Nc6 5.Nc3 Qc7 6.Qd3 a6 7.Nxc6 Qxc6 8.Qg3 b5
9.a3 Bb7 10.Bd3 Nf6 11.O-O Bd6 12.Qxg7 Ke7 13.Bg5 Be5 14.Rae1 Rag8 15.Nd5+
Qxd5 16.exd5 Rxg7 17.Rxe5 Rhg8 18.f4 h6 19.Bxf6+ Kxf6 20.Be4 Bxd5 21.Bxd5 exd5
22.g3 Rc8 23.Rf2 Rc5 24.Rd2 d6 25.Rexd5 Rxd5 26.Rxd5 Ke7 27.Kf2 Rg8 28.Rh5 Rg6
29.a4 bxa4 30.Ra5 d5 31.Rxa4 Rb6 32.b3 Rc6 33.c4 dxc4 34.bxc4 Re6 35.f5 Rc6
36.Ke3 Kf6 37.Kd4 Ke7 38.c5 Kd7 39.Kd5 Rf6 40.g4 h5 41.h3 hxg4 42.hxg4 Rh6
43.Rb4 Kc7 44.Rb6 Rh4 45.Rxa6 Rxg4 46.Ra7+ Kd8 47.Rxf7 Ke8 48.Rc7 Rg1 49.f6
Rd1+ 50.Kc6 Rf1 51.f7+ Kf8 52.Kb7 Rb1+ 53.Kc8 Rb5 54.c6 Rc5 55.Kd7 Rd5+ 56.Ke6
Rd8 57.Re7 Kg7 58.Re8 {#r} 1-0

[Event "PRO League Group Stage"]
[Site "masterchessopen.com chess.com INT"]
[Date "2017.02.11"]
[Round "5"]
[White "Astaneh Lopez,A"]
[Black "Sargissian,G"]
[Result "0-1"]
[WhiteElo "2417"]
[BlackElo "2667"]

1.e4 c6 2.d4 d5 3.e5 Bf5 4.h4 h5 5.Bd3 Bxd3 6.Qxd3 e6 7.Bg5 Be7 8.Nf3 Nh6
9.Nbd2 Nf5 10.O-O-O Qa5 11.Bxe7 Kxe7 12.Kb1 Qa6 13.Qc3 Nd7 14.Qb4+ Ke8 15.c4
Nb6 16.cxd5 Nxd5 17.Qb3 Qb6 18.Qa3 Qb4 19.Qd3 Qb5 20.Nc4 Nb6 21.Rc1 Rd8
22.Rhd1 Rh6 23.b3 Rg6 24.Ng5 Nxc4 25.Rxc4 Nxh4 26.f4 Nf5 27.Qc3 Qb6 28.Kb2 Rd5
29.g3 Qd8 30.b4 a6 31.a4 Kf8 32.a5 Kg8 33.Qf3 Rh6 34.Qf2 Qe7 35.Kb3 Qd8 36.Kc3
Ne7 37.Ne4 Rb5 38.Nd6 Nd5+ 39.Kb3 Qxa5 40.Qd2 Qd8 41.Nxb5 axb5 42.Rc5 Rg6
43.Rg1 Qa8 44.Kb2 Nb6 45.Rc2 Nc4+ 46.Rxc4 bxc4 47.Ra1 Qd8 48.Ra3 h4 49.gxh4
Qxh4 50.Ra7 Rg3 51.Qc2 g6 {#R} 0-1

[Event "PRO League Group Stage"]
[Site "masterchessopen.com chess.com INT"]
[Date "2017.02.11"]
[Round "5"]
[White "Thorfinnsson,Br"]
[Black "Della Morte,G"]
[Result "1-0"]
[WhiteElo "2453"]
[BlackElo "2375"]

1.e4 e5 2.Nf3 Nc6 3.d4 exd4 4.Nxd4 Nf6 5.Nxc6 bxc6 6.Qe2 Bc5 7.e5 Nd5 8.c4 Nb6
9.Be3 Qe7 10.Nc3 O-O 11.f4 d5 12.Bxc5 Qxc5 13.Qf2 Qb4 14.a3 Qb3 15.c5 Nc4
16.Bxc4 Qxc4 17.O-O-O Rb8 18.Qd4 Qb3 19.Rd2 Bf5 20.h3 Rb5 21.g4 Be4 22.Rhd1
Ra5 23.Nxe4 dxe4 24.Qb4 Rb5 25.Qxb3 Rxb3 26.Rd7 Rxh3 27.Rxc7 Rg3 28.g5 Rf3
29.Rxc6 Rxf4 30.Re1 Re8 31.Rc7 a6 32.c6 h5 33.gxh6 gxh6 34.Rd7 e3 35.Rxe3 Rc4+
36.Rc3 Rxc3+ 37.bxc3 Kg7 38.Kd2 Rxe5 39.Kd3 Rc5 40.c7 h5 41.Kd4 Rc6 42.c4 h4
43.Kd5 h3 44.Kxc6 h2 45.Rd1 {#r} 1-0

[Event "PRO League Group Stage"]
[Site "masterchessopen.com chess.com INT"]
[Date "2017.02.11"]
[Round "5"]
[White "Thorfinnsson,Br"]
[Black "Pichot,A"]
[Result "0-1"]
[WhiteElo "2453"]
[BlackElo "2548"]

1.d4 Nf6 2.Bf4 g6 3.Nc3 d5 4.Qd2 Bg7 5.Bh6 O-O 6.h4 c5 7.Bxg7 Kxg7 8.e3 h5
9.Nh3 cxd4 10.exd4 Nc6 11.Nf4 Bf5 12.f3 Qd6 13.Nb5 Qd7 14.c3 a6 15.Na3 Rac8
16.Be2 b5 17.Rd1 Rfe8 18.O-O e5 19.dxe5 Rxe5 20.Nc2 Bxc2 21.Qxc2 Qa7+ 22.Kh1
Qb8 23.Qd2 Rce8 24.Bd3 Re3 25.Nh3 Qe5 26.Qf2 Qe7 27.a3 Qe5 28.g3 Na5 29.Nf4
Nc4 30.Ng2 Re2 31.Bxe2 Qxe2 32.Rde1 Qxb2 33.Qxb2 Nxb2 34.Rxe8 Nxe8 35.Ne3 Nc7
36.Rf2 Na4 37.Rc2 Kf6 38.Kg2 Ke5 39.Kf2 Ne8 40.Nd1 Nd6 41.Re2+ Kf6 42.Ke3 Nf5+
43.Kf4 Nc5 44.Nf2 Ne6+ 45.Rxe6+ Kxe6 46.Nd3 Kd6 47.Ne5 Nh6 48.Nd3 f6 49.g4 a5
50.g5 fxg5+ 51.Kxg5 Nf5 52.Nf4 d4 53.cxd4 Nxd4 54.Nxg6 Nxf3+ 55.Kxh5 b4
56.axb4 a4 57.Nf4 a3 {#R} 0-1

[Event "PRO League Group Stage"]
[Site "masterchessopen.com chess.com INT"]
[Date "2017.02.11"]
[Round "5"]
[White "Bacrot,E"]
[Black "So,W"]
[Result "0-1"]
[WhiteElo "2695"]
[BlackElo "2808"]

1.d4 Nf6 2.c4 e6 3.Nf3 d5 4.Nc3 Be7 5.Bf4 O-O 6.e3 Nbd7 7.a3 c5 8.cxd5 Nxd5
9.Nxd5 exd5 10.dxc5 Nxc5 11.Be2 Bf6 12.Be5 Bxe5 13.Nxe5 Bf5 14.Nf3 Be4 15.O-O
Qf6 16.Qd4 Qd6 17.Nd2 Rfd8 18.Nxe4 dxe4 19.Qxd6 Rxd6 20.Rfd1 Rad8 21.Rxd6 Rxd6
22.Rc1 Ne6 23.Rc8+ Nd8 24.f3 Kf8 25.fxe4 Ke7 26.Kf2 Rc6 27.Bg4 Rxc8 28.Bxc8 b6
29.Ke2 Nc6 30.Kd3 Ne5+ 31.Kd4 Kd6 32.Bb7 f6 33.Bd5 h5 34.h3 g5 35.b4 h4 36.Bb7
g4 37.hxg4 Nxg4 38.e5+ fxe5+ 39.Ke4 Nf2+ 40.Kf3 Nd1 41.Be4 Nc3 42.Bc2 Nd5
43.Ke4 Nf6+ 44.Kf5 Nd5 45.Ke4 Nc3+ 46.Kf3 Nb5 47.a4 Nc3 48.Bb3 Nb1 49.Kg4 Nd2
50.Bc2 Nc4 51.Kxh4 Nxe3 52.Be4 Nd1 53.Bc2 Ne3 54.Be4 Nd1 55.Kg5 Nc3 56.Bc2 Kd5
57.g4 e4 58.Kf4 Kd4 59.g5 Nd5+ 60.Kg4 e3 61.Kf3 Kc3 62.Bd1 Kd2 63.Be2 Ne7
64.Bb5 a5 65.bxa5 bxa5 66.Bf1 Ng6 {#R} 0-1

[Event "PRO League Group Stage"]
[Site "masterchessopen.com chess.com INT"]
[Date "2017.02.11"]
[Round "5"]
[White "Jeran,B"]
[Black "De Vreesse Pieters,Seppe"]
[Result "0-1"]
[WhiteElo "2236"]
[BlackElo "2229"]

1.e4 c5 2.Nf3 g6 3.g3 Bg7 4.Bg2 Nc6 5.O-O Nf6 6.d3 O-O 7.Nbd2 d6 8.Nc4 b5
9.Ne3 Bb7 10.Ng5 a5 11.f4 Nd7 12.Kh1 e6 13.a4 b4 14.Rb1 Nb6 15.b3 d5 16.e5 Qc7
17.Qg4 h6 18.Nxe6 fxe6 19.Qxe6+ Kh7 20.Nxd5 Nxd5 21.Bxd5 Nd4 {#R} 0-1

[Event "PRO League Group Stage"]
[Site "masterchessopen.com chess.com INT"]
[Date "2017.02.11"]
[Round "5"]
[White "Jeran,B"]
[Black "Shimanov,A"]
[Result "0-1"]
[WhiteElo "2236"]
[BlackElo "2642"]

1.Nf3 Nf6 2.d4 d5 3.Bg5 e6 4.e3 Be7 5.Nbd2 b6 6.Bd3 Bb7 7.O-O Nbd7 8.a4 a6
9.Re1 Ne4 10.Bf4 g5 11.Bg3 h5 12.h3 Nxg3 13.fxg3 g4 14.Nh2 gxh3 15.gxh3 c5
16.c3 Qc7 17.Ndf1 O-O-O 18.Qf3 f5 19.Qf2 Rdg8 20.Kh1 Bd6 21.Be2 Nf6 22.Bf3
Bxg3 23.Nxg3 Rxg3 24.Rg1 Rxh3 25.Rg6 Ng4 {#R} 0-1

[Event "PRO League Group Stage"]
[Site "masterchessopen.com chess.com INT"]
[Date "2017.02.11"]
[Round "5"]
[White "Barbosa,O PHI"]
[Black "Grover,S"]
[Result "0-1"]
[WhiteElo "2518"]
[BlackElo "2467"]

1.d4 Nf6 2.c4 e6 3.Nf3 d5 4.g3 dxc4 5.Bg2 Bb4+ 6.Bd2 c5 7.O-O O-O 8.dxc5 Bxc5
9.Qa4 Nbd7 10.Qxc4 a6 11.e4 b5 12.Qc2 Bb7 13.e5 Bxf3 14.Bxf3 Nxe5 15.Bg2 Rc8
16.Qb3 Nd3 17.Bg5 Nxf2 18.Rxf2 Bxf2+ 19.Kxf2 Ng4+ 20.Ke2 Qxg5 21.Nd2 Rc2
22.Rd1 Rd8 {#R} 0-1

[Event "PRO League Group Stage"]
[Site "masterchessopen.com chess.com INT"]
[Date "2017.02.11"]
[Round "5"]
[White "Boros,De"]
[Black "Jeran,B"]
[Result "1-0"]
[WhiteElo "2444"]
[BlackElo "2236"]

1.d4 Nf6 2.c4 c6 3.g3 d5 4.Bg2 Bf5 5.Nc3 e6 6.Qb3 Qb6 7.c5 Qxb3 8.axb3 Nbd7
9.b4 e5 10.Nf3 exd4 11.Nxd4 Be6 12.Bf4 Be7 13.O-O O-O 14.Nb3 Rfc8 15.Na5 b6
16.cxb6 axb6 17.Nxc6 Kf8 18.Nxe7 Kxe7 19.Rad1 Rc4 20.Nxd5+ Nxd5 21.Bxd5 Bxd5
22.Rxd5 Ra2 23.Rfd1 Nf6 24.Re5+ {#r} 1-0

[Event "PRO League Group Stage"]
[Site "masterchessopen.com chess.com INT"]
[Date "2017.02.11"]
[Round "5"]
[White "Cheng,Bi"]
[Black "Jones,G"]
[Result "1-0"]
[WhiteElo "2397"]
[BlackElo "2665"]

1.Nf3 d6 2.d4 Nf6 3.c4 g6 4.Nc3 Bg7 5.e4 O-O 6.h3 e5 7.d5 Nh5 8.g3 Qe8 9.Nh4
f5 10.exf5 gxf5 11.g4 Nf4 12.Be3 Na6 13.Rg1 fxg4 14.hxg4 Nc5 15.Qc2 e4
16.O-O-O Nfd3+ 17.Bxd3 Nxd3+ 18.Kb1 b5 19.cxb5 Rb8 20.Nf5 Be5 21.Bxa7 Rxb5
22.Nxb5 Qxb5 23.Qb3 Qa6 24.Be3 Nxb2 25.Rd4 Nd3 26.Ra4 Qb7 27.Ra7 Qxb3+ 28.axb3
Kh8 29.Rxc7 Nb4 30.Rh1 Bxf5 31.gxf5 Nxd5 32.Rhxh7+ Kg8 33.Ra7 Rc8 34.Bd2 Bd4
35.Rab7 Ra8 36.Rhd7 Bxf2 37.Rxd6 e3 38.Rxd5 exd2 39.Rxd2 Bh4 40.Rg2+ Kf8
41.Rg6 Bd8 42.f6 Ra6 43.b4 Bxf6 44.b5 Ra1+ 45.Kc2 Ra2+ 46.Kb3 Rb2+ 47.Ka3 Rf2
48.Kb4 Rb2+ 49.Kc4 Be7 50.Re6 Bg5 51.Rc6 Bd8 52.Kd5 Rd2+ 53.Ke6 Re2+ 54.Kd7
Re7+ 55.Kc8 Re8 56.Rd7 Bf6+ 57.Kb7 Be5 58.Rc8 Bf6 59.Rxe8+ Kxe8 60.Kc8 Bd4
61.Rxd4 {#r} 1-0

[Event "PRO League Group Stage"]
[Site "masterchessopen.com chess.com INT"]
[Date "2017.02.11"]
[Round "5"]
[White "Smith,Bry"]
[Black "Shaposhnikov,E"]
[Result "1-0"]
[WhiteElo "2423"]
[BlackElo "2557"]

1.e4 c6 2.d4 g6 3.Nc3 d5 4.f3 Bg7 5.Be3 dxe4 6.fxe4 Nf6 7.Nf3 Qb6 8.a3 O-O
9.Bc4 Bg4 10.O-O Nbd7 11.e5 Nxe5 12.Na4 Nxf3+ 13.gxf3 Qa5 14.fxg4 Qxa4 15.b4
Nd5 16.Bg5 h6 17.Bxd5 cxd5 18.Bxe7 Rfe8 19.Bf6 Rac8 20.Bxg7 Kxg7 21.Qf3 Qd7
22.Rf2 Re4 23.h3 Qe6 24.Raf1 Rc7 25.c3 Re3 26.Qf4 Rexc3 27.h4 Re7 28.g5 hxg5
29.hxg5 Qh3 30.Qxf7+ {#r} 1-0

[Event "PRO League Group Stage"]
[Site "masterchessopen.com chess.com INT"]
[Date "2017.02.11"]
[Round "5"]
[White "Smith,Bry"]
[Black "Yatzenko,A"]
[Result "1-0"]
[WhiteElo "2423"]
[BlackElo "2361"]

1.e4 e5 2.Nf3 Nc6 3.Bb5 a6 4.Ba4 Nf6 5.O-O Be7 6.Re1 b5 7.Bb3 d6 8.c3 O-O 9.h3
Bb7 10.d4 Re8 11.Nbd2 Bf8 12.a3 h6 13.Bc2 g6 14.b3 Bg7 15.d5 Nb8 16.c4 Nbd7
17.cxb5 axb5 18.b4 c6 19.dxc6 Bxc6 20.Nb3 d5 21.exd5 Bxd5 22.Bb2 e4 23.Nfd2
Ra6 24.Qe2 Qb8 25.Rad1 e3 26.fxe3 Ng4 27.Qxg4 Be6 28.Qh4 Bxb2 29.Nd4 Rxa3
30.Qxh6 Nf8 31.Ne4 Qe5 32.Nc6 Qg7 33.Qf4 Nh7 34.Nd6 Rf8 35.Nxb5 Ra2 36.Nbd4
Bc8 37.Ne7+ Kh8 38.Bb3 Ra3 39.Bd5 Qf6 40.Qxf6+ Nxf6 41.Bf3 Kg7 42.b5 Nd7
43.Nxc8 Rxc8 44.Bg4 Rc7 45.Bxd7 Rxd7 46.Ne6+ fxe6 47.Rxd7+ Kf6 48.b6 Rb3 49.b7
Ke5 50.Rb1 Rb6 51.Rd2 {#r} 1-0

[Event "PRO League Group Stage"]
[Site "masterchessopen.com chess.com INT"]
[Date "2017.02.11"]
[Round "5"]
[White "Wheeler,Cameron"]
[Black "Oberholzer,Francois"]
[Result "1-0"]
[WhiteElo "2398"]
[BlackElo "2034"]

1.e4 d6 2.d4 g6 3.Nc3 Bg7 4.f4 a6 5.Nf3 b5 6.Bd3 Bb7 7.e5 Nh6 8.O-O O-O 9.a4
b4 10.Ne4 Nd7 11.c3 dxe5 12.dxe5 c5 13.Qe2 Rc8 14.Bxa6 Qb6 15.Bxb7 Qxb7 16.a5
c4 17.a6 Qb5 18.Nd4 Qb6 19.Be3 Qd8 20.Rfd1 Qe8 21.cxb4 Nb6 22.Nc3 Nf5 23.Nxf5
gxf5 24.Bxb6 {#r} 1-0